| 000 | 00990nam0a2200289 4500 | ||
|---|---|---|---|
| 001 | RU\NLR\BIBL_A\011722431 | ||
| 005 | 20180703091930.0 | ||
| 010 |
_a978-5-89394-292-7 _9200 |
||
| 021 |
_aRU _bКН-П-18-031890 _9КН-П-18-2322 |
||
| 035 | _a(NLR Aleph) 011722431 | ||
| 035 | _a(RuMoRGB)009621662 | ||
| 090 |
_a11490976 _c11490976 |
||
| 100 | _a20180607d2018 k y0rusy50 ca | ||
| 101 | 0 | _arus | |
| 102 | _aRU | ||
| 105 | _ay z 000zy | ||
| 200 | 1 |
_aРазмышления о сирийском конфликте _fЮ. Б. Щегловин _gИнститут Ближнего Востока |
|
| 210 |
_aМосква _cКозлов _d2018 |
||
| 215 |
_a216 с. _d21 |
||
| 606 | 1 |
_aРегиональные конфликты _yСирия _zнач. 21 в. _2nlr_sh2 _3RU\NLR\AUTH\6601602633 |
|
| 686 | 1 | _aЦ35(0)636 | |
| 700 | 1 |
_aЩегловин _bЮ. Б. |
|
| 942 | _cBOOK | ||
| 980 | _aNBR | ||
| 980 | _aNB | ||